|
|
|
|
| LEADER |
00000nam0a2200000 4500 |
| 001 |
325147 |
| 005 |
20231102003733.0 |
| 035 |
|
|
|a (RuTPU)RU\TPU\book\350758
|
| 035 |
|
|
|a RU\TPU\book\332786
|
| 090 |
|
|
|a 325147
|
| 100 |
|
|
|a 20151021d1960 m y0rusy5003 ca
|
| 101 |
0 |
|
|a rus
|
| 102 |
|
|
|a UA
|
| 105 |
|
|
|a a j 001zy
|
| 200 |
1 |
|
|a Маркшейдерское дело
|e учебник для вузов
|f Д. Н. Оглоблин [и др.]
|
| 210 |
|
|
|a Киев
|c Гостехиздат
|d 1960
|
| 215 |
|
|
|a 556 с.
|c ил.
|e 1 л. черт.
|
| 300 |
|
|
|a Авт. указаны на обороте тит. л.
|
| 606 |
1 |
|
|a Маркшейдерское дело
|2 stltpush
|3 (RuTPU)RU\TPU\subj\41067
|9 60885
|
| 610 |
1 |
|
|a геодезия
|
| 610 |
1 |
|
|a применение
|
| 610 |
1 |
|
|a горное дело
|
| 610 |
1 |
|
|a маркшейдерия
|
| 610 |
1 |
|
|a маркшейдерские замеры
|
| 610 |
1 |
|
|a маркшейдерские работы
|
| 610 |
1 |
|
|a маркшейдерские инструменты
|
| 610 |
1 |
|
|a маркшейдерско-геодезические работы
|
| 610 |
1 |
|
|a подземные работы
|
| 610 |
1 |
|
|a подземные разработки
|
| 610 |
1 |
|
|a маркшейдерская съемка
|
| 610 |
1 |
|
|a маркшейдерские чертежи
|
| 610 |
1 |
|
|a открытая разработка
|
| 610 |
1 |
|
|a анализ
|
| 610 |
1 |
|
|a погрешности
|
| 610 |
1 |
|
|a соединительная съемка
|
| 610 |
1 |
|
|a подземные сооружения
|
| 610 |
1 |
|
|a карьеры
|
| 610 |
1 |
|
|a откосы
|
| 610 |
1 |
|
|a устойчивость
|
| 610 |
1 |
|
|a маркшейдерские службы
|
| 610 |
1 |
|
|a учебники
|
| 675 |
|
|
|a 622.1(075.8)
|z rus
|v 4
|
| 701 |
|
1 |
|a Оглоблин
|b Д. Н.
|g Дмитрий Николаевич
|
| 701 |
|
1 |
|a Герасименко
|b Г. И.
|
| 701 |
|
1 |
|a Никольский
|b С. И.
|
| 701 |
|
1 |
|a Папазов
|b М. Г.
|
| 701 |
|
1 |
|a Рудаков
|b М. Л.
|
| 701 |
|
1 |
|a Травник
|b С. Ф.
|
| 801 |
|
1 |
|a RU
|b 63413507
|c 20161129
|
| 801 |
|
2 |
|a RU
|b 63413507
|c 20191225
|g RCR
|
| 942 |
|
|
|c BK
|